Anagrammes - Vocabulaire - Série 14 - Statistiques

Statistiques générales
  • Ce quiz a été pris 81 fois
  • Le résultat moyen est 9 sur 13
Statistiques - réponses
Indice Anagramme Mot % Correct
réelle VARIE vraie
95%
armes PESEE epees
94%
argent OISELLE oseille
94%
bloquer GRELE geler
89%
militant ACTIVITES activiste
88%
raire ERRE reer
88%
soutien TAIE etai
84%
métier REBOUCHE bouchere
80%
rabattre PERLIER replier
78%
arbre SENIORITE noisetier
42%
fleur TARSE aster
41%
importuns ASSURER raseurs
27%
curiosité ETIRENT interet
16%
Aucun quiz correspondant
Distribution des résultats
% des personnes avec chaque résultat
Percentile par nombre de réponses
Votre historique - résultats
Vous n’avez pas pris ce quiz